000 00931cam a22002531 4500
001 5686
003 BD-RjUL
005 20211208234117.0
008 140106s1947 enka bs 000 0 eng
035 _a(BD-RjUL)5725
040 _aDLC
_cDLC
_dBD-RjUL
_beng
041 _aeng
082 0 4 _bSTU 1947
_220
_a940.53
110 2 _aUniversity of Oxford.
_bInstitute of Economics and Statistics.
_918127
245 1 0 _aStudies in war economics :
_ba selection of articles reprinted from the Bulletin of the Institute of Statistics and other periodicals /
260 _aOxford :
_bB. Blackwell,
_c1947.
300 _avii, 410 p. :
_bill.diagrs., tables. ;
_c22 cm.
504 _aBibliographical footnotes.
650 0 _aWorld War, 1939-1945
_xEconomic aspects
_zGreat Britain.
_910318
651 0 _aGreat Britain
_xEconomic conditions
_y1918-1945.
_96070
651 0 _aGreat Britain
_xStatistics.
_917857
942 _2ddc
_cBK
999 _c5686
_d5686